LEADER 00980cam0 22002651 450 001 SOBE00071448 005 20240229141141.0 100 $a20220511d1946 |||||ita|0103 ba 101 $aita 102 $aIT 200 1 $aSaggio sul Leopardi$fGiuseppe De Robertis 205 $aNuova edizione accresciuta 210 $aFirenze$cVallecchi$d1946 215 $a265 p.$d19 cm 500 10$aSaggio sul Leopardi$3SOBA00024430$999092 700 1$aDe Robertis$b, Giuseppe <1888-1963>$3AF00014705$4070$0151750 801 0$aIT$bUNISOB$c20240229$gRICA 850 $aUNISOB 852 $aUNISOB$jSaggi|F$m176192 912 $aSOBE00071448 940 $aM 102 Monografia moderna SBN 941 $aM 957 $xFondo|Leopardiano$aSaggi|F$b000063$gCON$d176192$n20220509$hFondoLeopardiano$rDono$1rovito$2UNISOB$3UNISOB$420220511140205.0$520220511140237.0$6rovito$fPer le modalità di consultazione vedi home page Biblioteca link Fondi 996 $aSaggio sul Leopardi$999092 997 $aUNISOB LEADER 01834nam 2200421 a 450 001 9910695417703321 005 20061226093509.0 035 $a(CKB)5470000002370587 035 $a(OCoLC)77457286 035 $a(EXLCZ)995470000002370587 100 $a20061226d2006 ua 0 101 0 $aeng 135 $aurmn|---||||| 181 $ctxt$2rdacontent 182 $cc$2rdamedia 183 $acr$2rdacarrier 200 10$aClimate change$b[electronic resource] $efederal agencies should do more to make funding reports clearer and encourage progress on two voluntary programs : testimony before the Subcommittee on Energy and Resources, Committee on Government Reform, House of Representatives /$fstatement of John B. Stephenson 210 1$a[Washington, D.C.] :$cU.S. Government Accountability Office,$d[2006] 215 $a18 pages $cdigital, PDF file 225 1 $aTestimony ;$vGAO-06-1126 T 300 $aTitle from title screen (viewed on Dec. 21, 2006). 300 $a"For release ... September 27, 2006." 300 $aPaper version available from: U.S. Government Accountability Office, 441 G St., NW, Rm. LM, Washington, D.C. 20548. 320 $aIncludes bibliographical references. 517 $aClimate change 606 $aClimatic changes$xEvaluation 606 $aAdministrative agencies$zUnited States$xRules and practice 615 0$aClimatic changes$xEvaluation. 615 0$aAdministrative agencies$xRules and practice. 700 $aStephenson$b John B$01380816 712 02$aUnited States.$bCongress.$bHouse.$bCommittee on Government Reform.$bSubcommittee on Energy and Resources. 712 02$aUnited States.$bGovernment Accountability Office. 801 0$bGPO 801 1$bGPO 906 $aBOOK 912 $a9910695417703321 996 $aClimate change$93426856 997 $aUNINA